[Event "WCO2014"]
[Site "Tromso"]
[Date "2014.08.09"]
[Round "7.26"]
[WhiteID "4128290"]
[White "Sambuev Bator"]
[BlackID "410608"]
[Black "Howell David W L"]
[Result "0-1"]
[LiveChessVersion "1.4.3"]
[BlackElo "2650"]
[WhiteElo "2528"]

1. d4 {[%clk 1:30:57]} Nf6 {[%clk 1:30:30]} 2. Nf3 {[%clk 1:31:23]} g6
{[%clk 1:30:18]} 3. Bg5 {[%clk 1:31:49]} Bg7 {[%clk 1:30:41]} 4. Nbd2
{[%clk 1:32:12]} O-O {[%clk 1:30:34]} 5. e4 {[%clk 1:32:39]} d5 {[%clk 1:30:58]}
6. exd5 {[%clk 1:33:05]} Nxd5 {[%clk 1:31:21]} 7. c3 {[%clk 1:33:32]} Nd7
{[%clk 1:31:44]} 8. Bc4 {[%clk 1:33:08]} N7b6 {[%clk 1:32:07]} 9. Bb3
{[%clk 1:33:27]} a5 {[%clk 1:32:30]} 10. a4 {[%clk 1:33:12]} h6 {[%clk 1:19:32]}
11. Bh4 {[%clk 1:31:45]} f5 {[%clk 1:19:55]} 12. O-O {[%clk 1:29:54]} g5
{[%clk 1:18:08]} 13. Bxg5 {[%clk 1:29:58]} hxg5 {[%clk 1:18:30]} 14. Nxg5
{[%clk 1:30:23]} Rf6 {[%clk 0:50:24]} 15. Qh5 {[%clk 1:29:21]} e6
{[%clk 0:28:21]} 16. Qh7+ {[%clk 1:19:26]} Kf8 {[%clk 0:28:47]} 17. Qh5
{[%clk 1:19:48]} Kg8 {[%clk 0:29:06]} 18. Qh7+ {[%clk 1:18:37]} Kf8
{[%clk 0:29:30]} 19. Qh5 {[%clk 1:19:02]} Bh6 {[%clk 0:10:44]} 20. f4
{[%clk 1:12:33]} Kg7 {[%clk 0:10:30]} 21. Rae1 {[%clk 1:00:20]} Bd7
{[%clk 0:09:30]} 22. g3 {[%clk 0:52:35]} Qf8 {[%clk 0:08:21]} 23. Qd1
{[%clk 0:51:07]} c5 {[%clk 0:07:29]} 24. Ndf3 {[%clk 0:51:10]} Rd8
{[%clk 0:06:45]} 25. Rf2 {[%clk 0:48:43]} Bc8 {[%clk 0:01:18]} 26. Rfe2
{[%clk 0:47:55]} Qd6 {[%clk 0:00:46]} 27. Re5 {[%clk 0:46:58]} c4
{[%clk 0:00:41]} 28. Bc2 {[%clk 0:47:17]} Kg8 {[%clk 0:00:57]} 29. Nh4
{[%clk 0:46:59]} Bd7 {[%clk 0:00:51]} 30. Qh5 {[%clk 0:46:35]} Be8
{[%clk 0:00:51]} 31. Qe2 {[%clk 0:46:23]} Bd7 {[%clk 0:00:37]} 32. Nxe6
{[%clk 0:45:54]} Bxe6 {[%clk 0:00:53]} 33. Rxe6 {[%clk 0:46:17]} Rxe6
{[%clk 0:01:02]} 34. Qxe6+ {[%clk 0:46:42]} Qxe6 {[%clk 0:01:26]} 35. Rxe6
{[%clk 0:47:06]} Bf8 {[%clk 0:01:47]} 36. Nxf5 {[%clk 0:47:05]} Kf7
{[%clk 0:02:15]} 37. Re5 {[%clk 0:46:53]} Re8 {[%clk 0:01:15]} 38. Kf2
{[%clk 0:45:49]} Rxe5 {[%clk 0:01:37]} 39. dxe5 {[%clk 0:46:07]} Nd7
{[%clk 0:01:51]} 40. h4 {[%clk 0:40:36]} Nc5 {[%clk 0:01:45]} 41. h5
{[%clk 0:36:37]} Nb6 {[%clk 0:26:00]} 42. g4 {[%clk 1:00:23]} Nbxa4
{[%clk 0:17:41]} 43. g5 {[%clk 1:00:08]} Nxb2 {[%clk 0:16:43]} 44. g6+
{[%clk 0:59:56]} Kg8 {[%clk 0:16:32]} 45. h6 {[%clk 0:59:45]} a4 {[%clk 0:11:06]}
46. Ke3 {[%clk 0:52:07]} a3 {[%clk 0:10:58]} 47. Bb1 {[%clk 0:52:18]} Nba4
{[%clk 0:04:58]} 48. h7+ {[%clk 0:16:36]} Kh8 {[%clk 0:05:25]} 49. Nd6
{[%clk 0:16:24]} Bxd6 {[%clk 0:05:27]} 50. exd6 {[%clk 0:16:47]} Nd7
{[%clk 0:00:43]} 51. Kd4 {[%clk 0:12:48]} b5 {[%clk 0:00:59]} 52. Kd5
{[%clk 0:12:36]} Nf8 {[%clk 0:00:39]} 53. Ke5 {[%clk 0:05:29]} Nxg6+
{[%clk 0:00:54]} 54. Bxg6 {[%clk 0:05:46]} Nb6 {[%clk 0:01:15]} 55. Bb1
{[%clk 0:06:01]} b4 {[%clk 0:01:43]} 56. f5 {[%clk 0:02:12]} bxc3
{[%clk 0:02:06]} 57. f6 {[%clk 0:02:17]} c2 {[%clk 0:02:32]} 58. Bxc2
{[%clk 0:02:10]} a2 {[%clk 0:02:56]} 59. f7 {[%clk 0:02:18]} a1=Q+
{[%clk 0:03:09]} 60. Ke6 {[%clk 0:02:33]} Qe1+ {[%clk 0:03:33]} 0-1

[Event "WCO2014"]
[Site "Tromso"]
[Date "2014.08.09"]
[Round "7.25"]
[WhiteID "400173"]
[White "Sadler Matthew D"]
[BlackID "2606577"]
[Black "Hambleton Aman"]
[Result "1/2-1/2"]
[LiveChessVersion "1.4.3"]
[BlackElo "2458"]
[WhiteElo "2653"]

1. d4 {[%clk 1:30:56]} e6 {[%clk 1:30:25]} 2. c4 {[%clk 1:31:20]} Nf6
{[%clk 1:30:50]} 3. Nc3 {[%clk 1:31:44]} Bb4 {[%clk 1:30:59]} 4. Nf3
{[%clk 1:32:07]} O-O {[%clk 1:24:51]} 5. Bg5 {[%clk 1:32:27]} h6 {[%clk 1:14:02]}
6. Bh4 {[%clk 1:32:52]} b6 {[%clk 1:14:20]} 7. Rc1 {[%clk 1:27:57]} Bb7
{[%clk 1:13:14]} 8. e3 {[%clk 1:28:14]} Be7 {[%clk 1:10:36]} 9. Bd3
{[%clk 1:25:24]} c5 {[%clk 1:07:42]} 10. O-O {[%clk 1:24:25]} d6 {[%clk 1:06:15]}
11. Qe2 {[%clk 1:14:31]} Nbd7 {[%clk 1:04:47]} 12. Rfd1 {[%clk 1:14:56]} a6
{[%clk 1:00:17]} 13. a3 {[%clk 1:14:48]} Re8 {[%clk 0:54:11]} 14. b4
{[%clk 1:13:15]} cxd4 {[%clk 0:53:16]} 15. exd4 {[%clk 1:10:54]} Nh5
{[%clk 0:52:00]} 16. Bg3 {[%clk 1:10:44]} Nxg3 {[%clk 0:50:19]} 17. hxg3
{[%clk 1:11:10]} Rc8 {[%clk 0:48:56]} 18. Bb1 {[%clk 0:57:58]} Qc7
{[%clk 0:38:04]} 19. Ba2 {[%clk 0:58:07]} Nf6 {[%clk 0:37:26]} 20. Bb3
{[%clk 0:56:23]} Bf8 {[%clk 0:36:25]} 21. Rc2 {[%clk 0:53:02]} Qb8
{[%clk 0:34:38]} 22. Re1 {[%clk 0:48:20]} Ba8 {[%clk 0:31:42]} 23. Qd3
{[%clk 0:47:16]} g6 {[%clk 0:26:08]} 24. Rce2 {[%clk 0:39:00]} Bg7
{[%clk 0:23:00]} 25. a4 {[%clk 0:31:19]} Bb7 {[%clk 0:19:09]} 26. Nd2
{[%clk 0:30:38]} Red8 {[%clk 0:17:43]} 27. Nf3 {[%clk 0:29:16]} Qa8
{[%clk 0:13:45]} 28. a5 {[%clk 0:28:02]} bxa5 {[%clk 0:12:12]} 29. bxa5
{[%clk 0:28:28]} Qb8 {[%clk 0:10:17]} 30. Qc2 {[%clk 0:18:57]} Bxf3
{[%clk 0:07:16]} 31. gxf3 {[%clk 0:19:23]} d5 {[%clk 0:07:25]} 32. c5
{[%clk 0:12:06]} Nd7 {[%clk 0:06:10]} 33. Nxd5 {[%clk 0:10:53]} exd5
{[%clk 0:06:16]} 34. Bxd5 {[%clk 0:11:19]} Nf8 {[%clk 0:03:17]} 35. Bxf7+
{[%clk 0:11:25]} Kh8 {[%clk 0:03:33]} 36. Be6 {[%clk 0:05:53]} Rc7
{[%clk 0:00:48]} 37. Rb1 {[%clk 0:04:34]} Qa7 {[%clk 0:01:02]} 38. Ba2
{[%clk 0:04:53]} Bxd4 {[%clk 0:01:07]} 39. Qc4 {[%clk 0:05:07]} Rg7
{[%clk 0:01:13]} 40. c6 {[%clk 0:04:35]} Qc5 {[%clk 0:00:39]} 41. Rd2
{[%clk 0:20:03]} Qxc4 {[%clk 0:21:39]} 42. Bxc4 {[%clk 0:20:29]} Rc7
{[%clk 0:21:59]} 43. Rb6 {[%clk 0:06:52]} g5 {[%clk 0:12:51]} 44. Bxa6
{[%clk 0:05:24]} Ne6 {[%clk 0:11:08]} 45. Rc2 {[%clk 0:01:52]} Ra8
{[%clk 0:07:16]} 46. Bd3 {[%clk 0:01:30]} Rxa5 {[%clk 0:04:17]} 47. Rb7
{[%clk 0:01:59]} Rc5 {[%clk 0:03:50]} 48. Rxc5 {[%clk 0:01:49]} Bxc5
{[%clk 0:04:14]} 49. Bf5 {[%clk 0:02:14]} Rxc6 {[%clk 0:03:55]} 50. Rh7+
{[%clk 0:02:40]} Kg8 {[%clk 0:04:22]} 51. Rxh6 {[%clk 0:03:05]} Nd4
{[%clk 0:02:38]} 52. Rxc6 {[%clk 0:03:28]} Nxc6 {[%clk 0:03:06]} 53. f4
{[%clk 0:03:53]} 1/2-1/2

[Event "WCO2014"]
[Site "Tromso"]
[Date "2014.08.09"]
[Round "7.22"]
[WhiteID "2801990"]
[White "Smirin Ilia"]
[BlackID "4900880"]
[Black "Battulga Namkhai"]
[Result "1-0"]
[LiveChessVersion "1.4.3"]
[BlackElo "2411"]
[WhiteElo "2656"]

1. e4 {[%clk 1:30:48]} c5 {[%clk 1:30:53]} 2. Nf3 {[%clk 1:31:13]} Nc6
{[%clk 1:31:15]} 3. d4 {[%clk 1:31:36]} cxd4 {[%clk 1:31:39]} 4. Nxd4
{[%clk 1:32:01]} g6 {[%clk 1:31:46]} 5. c4 {[%clk 1:30:42]} Nf6 {[%clk 1:32:03]}
6. Nc3 {[%clk 1:30:57]} Nxd4 {[%clk 1:32:06]} 7. Qxd4 {[%clk 1:31:16]} d6
{[%clk 1:32:32]} 8. Be2 {[%clk 1:27:55]} Bg7 {[%clk 1:32:31]} 9. O-O
{[%clk 1:26:40]} O-O {[%clk 1:32:30]} 10. Qe3 {[%clk 1:27:03]} a5
{[%clk 1:15:04]} 11. Bd2 {[%clk 1:23:40]} Nd7 {[%clk 1:11:36]} 12. Rac1
{[%clk 1:20:56]} Nc5 {[%clk 1:03:42]} 13. f4 {[%clk 1:16:19]} Bd7
{[%clk 0:59:09]} 14. b3 {[%clk 1:13:14]} Bc6 {[%clk 0:58:22]} 15. Bf3
{[%clk 1:12:34]} e5 {[%clk 0:48:37]} 16. f5 {[%clk 1:07:45]} Kh8 {[%clk 0:40:16]}
17. Be2 {[%clk 1:01:54]} gxf5 {[%clk 0:38:54]} 18. Rxf5 {[%clk 0:54:55]} Bd7
{[%clk 0:38:45]} 19. Rf2 {[%clk 0:37:12]} f5 {[%clk 0:37:43]} 20. exf5
{[%clk 0:37:40]} Rxf5 {[%clk 0:38:01]} 21. Rxf5 {[%clk 0:37:59]} Bxf5
{[%clk 0:38:29]} 22. Rf1 {[%clk 0:38:19]} Bg6 {[%clk 0:35:44]} 23. Nd5
{[%clk 0:37:53]} Ne6 {[%clk 0:23:03]} 24. Bd3 {[%clk 0:28:56]} Bxd3
{[%clk 0:13:00]} 25. Qxd3 {[%clk 0:29:18]} Nc5 {[%clk 0:10:57]} 26. Qh3
{[%clk 0:25:31]} Qc8 {[%clk 0:04:22]} 27. Rf5 {[%clk 0:24:37]} Ra6
{[%clk 0:03:15]} 28. Be3 {[%clk 0:23:13]} e4 {[%clk 0:02:46]} 29. Qg4
{[%clk 0:20:27]} Qg8 {[%clk 0:00:31]} 30. Rh5 {[%clk 0:16:21]} Be5
{[%clk 0:00:31]} 31. Qf5 {[%clk 0:15:31]} Ne6 {[%clk 0:00:31]} 32. Ne7
{[%clk 0:15:09]} Nd4 {[%clk 0:00:44]} 33. Rxh7+ {[%clk 0:15:12]} 1-0

[Event "WCO2014"]
[Site "Tromso"]
[Date "2014.08.09"]
[Round "7.23"]
[WhiteID "4901045"]
[White "Gundavaa Bayarsaikhan"]
[BlackID "2802007"]
[Black "Sutovsky Emil"]
[Result "0-1"]
[LiveChessVersion "1.4.3"]
[BlackElo "2624"]
[WhiteElo "2501"]

1. e4 {[%clk 1:30:57]} c5 {[%clk 1:30:55]} 2. Nf3 {[%clk 1:31:22]} Nc6
{[%clk 1:31:20]} 3. d4 {[%clk 1:31:32]} cxd4 {[%clk 1:31:43]} 4. Nxd4
{[%clk 1:32:00]} Nf6 {[%clk 1:31:39]} 5. Nc3 {[%clk 1:32:24]} e6 {[%clk 1:29:33]}
6. a3 {[%clk 1:27:12]} Be7 {[%clk 1:28:06]} 7. Be2 {[%clk 1:27:11]} O-O
{[%clk 1:27:32]} 8. Be3 {[%clk 1:27:20]} d5 {[%clk 1:22:22]} 9. exd5
{[%clk 1:22:56]} Nxd5 {[%clk 1:22:25]} 10. Nxd5 {[%clk 1:21:54]} Qxd5
{[%clk 1:18:40]} 11. Bf3 {[%clk 1:14:24]} Qc4 {[%clk 1:18:49]} 12. Be2
{[%clk 1:10:57]} Qd5 {[%clk 1:16:59]} 13. Bf3 {[%clk 1:10:39]} Qc4
{[%clk 1:17:21]} 14. Be2 {[%clk 1:10:49]} Qd5 {[%clk 1:14:54]} 15. Bf3
{[%clk 1:10:55]} Qa5+ {[%clk 1:09:44]} 16. b4 {[%clk 1:05:46]} Qc7
{[%clk 1:09:04]} 17. Nxc6 {[%clk 1:00:43]} bxc6 {[%clk 1:09:07]} 18. Qd3
{[%clk 1:00:32]} a5 {[%clk 0:50:46]} 19. b5 {[%clk 0:44:39]} Rd8 {[%clk 0:51:05]}
20. Qc3 {[%clk 0:44:36]} Bf6 {[%clk 0:50:40]} 21. Qxc6 {[%clk 0:44:21]} Bc3+
{[%clk 0:49:56]} 22. Ke2 {[%clk 0:42:59]} Bd7 {[%clk 0:50:00]} 23. Rad1
{[%clk 0:10:23]} Bxc6 {[%clk 0:49:37]} 24. Bxc6 {[%clk 0:10:47]} e5
{[%clk 0:43:59]} 0-1

[Event "WCO2014"]
[Site "Tromso"]
[Date "2014.08.09"]
[Round "7.24"]
[WhiteID "2804344"]
[White "Postny Evgeny"]
[BlackID "4901266"]
[Black "Munkhgal Gombosuren"]
[Result "1/2-1/2"]
[LiveChessVersion "1.4.3"]
[BlackElo "2418"]
[WhiteElo "2651"]

1. d4 {[%clk 1:30:57]} Nf6 {[%clk 1:30:44]} 2. c4 {[%clk 1:31:21]} e6
{[%clk 1:31:08]} 3. g3 {[%clk 1:31:45]} d5 {[%clk 1:31:17]} 4. Nf3
{[%clk 1:31:57]} dxc4 {[%clk 1:30:44]} 5. Bg2 {[%clk 1:32:22]} Nc6
{[%clk 1:31:04]} 6. Qa4 {[%clk 1:32:44]} Bd7 {[%clk 1:30:57]} 7. Qxc4
{[%clk 1:32:35]} Na5 {[%clk 1:31:16]} 8. Qd3 {[%clk 1:32:45]} c5 {[%clk 1:31:26]}
9. O-O {[%clk 1:32:54]} Bc6 {[%clk 1:28:28]} 10. Be3 {[%clk 1:18:37]} Be4
{[%clk 1:19:44]} 11. Qd1 {[%clk 1:17:50]} cxd4 {[%clk 1:17:51]} 12. Bxd4
{[%clk 1:15:46]} Nc6 {[%clk 1:16:40]} 13. Bxf6 {[%clk 1:14:25]} Qxd1
{[%clk 1:11:27]} 14. Rxd1 {[%clk 1:14:40]} gxf6 {[%clk 1:11:39]} 15. Nc3
{[%clk 1:15:03]} Bxf3 {[%clk 1:07:05]} 16. Bxf3 {[%clk 1:14:58]} Bb4
{[%clk 0:32:24]} 17. Nb5 {[%clk 1:03:14]} Ke7 {[%clk 0:31:54]} 18. a3
{[%clk 1:02:39]} Ba5 {[%clk 0:30:41]} 19. Nd6 {[%clk 0:42:03]} Bb6
{[%clk 0:17:11]} 20. Bxc6 {[%clk 0:32:03]} bxc6 {[%clk 0:17:37]} 21. Rac1
{[%clk 0:32:25]} c5 {[%clk 0:15:41]} 22. Nc4 {[%clk 0:15:38]} Rhd8
{[%clk 0:15:01]} 23. Rxd8 {[%clk 0:16:01]} Rxd8 {[%clk 0:15:22]} 24. Kf1
{[%clk 0:16:08]} f5 {[%clk 0:14:49]} 25. e3 {[%clk 0:16:26]} Bc7 {[%clk 0:13:09]}
26. Ke2 {[%clk 0:16:34]} Rb8 {[%clk 0:13:08]} 27. Rd1 {[%clk 0:14:55]} a5
{[%clk 0:10:23]} 28. Rd3 {[%clk 0:12:46]} a4 {[%clk 0:10:15]} 29. Kd1
{[%clk 0:13:04]} f6 {[%clk 0:10:07]} 30. Kc2 {[%clk 0:13:22]} Rb7
{[%clk 0:07:31]} 31. Nd2 {[%clk 0:07:35]} Ba5 {[%clk 0:07:12]} 32. Nc4
{[%clk 0:07:39]} Bc7 {[%clk 0:07:07]} 33. b3 {[%clk 0:04:42]} Ra7
{[%clk 0:06:50]} 34. Rd1 {[%clk 0:03:02]} Ra8 {[%clk 0:05:55]} 35. bxa4
{[%clk 0:01:36]} Rxa4 {[%clk 0:06:21]} 36. Kc3 {[%clk 0:01:56]} Ra7
{[%clk 0:06:42]} 37. Kb3 {[%clk 0:01:51]} Rb7+ {[%clk 0:04:26]} 38. Kc2
{[%clk 0:02:09]} Ra7 {[%clk 0:04:50]} 39. Rd3 {[%clk 0:02:13]} Ra8
{[%clk 0:04:47]} 40. Rd2 {[%clk 0:01:48]} Ra7 {[%clk 0:04:49]} 41. Rd1
{[%clk 0:01:14]} Ra8 {[%clk 0:35:16]} 42. Re1 {[%clk 0:12:02]} Kd7
{[%clk 0:30:28]} 43. e4 {[%clk 0:12:13]} f4 {[%clk 0:29:57]} 44. gxf4
{[%clk 0:12:24]} Rg8 {[%clk 0:30:11]} 45. Rd1+ {[%clk 0:04:40]} Kc6
{[%clk 0:30:21]} 46. Rd3 {[%clk 0:04:45]} Rg2 {[%clk 0:29:15]} 47. Rf3
{[%clk 0:05:11]} Rxh2 {[%clk 0:29:09]} 48. f5 Rh4 {[%clk 0:21:48]} 49. Kd3
{[%clk 0:05:20]} exf5 {[%clk 0:21:48]} 50. Rxf5 {[%clk 0:05:36]} Rf4
{[%clk 0:21:51]} 51. Rh5 {[%clk 0:01:31]} Rxf2 {[%clk 0:18:42]} 52. Rxh7
{[%clk 0:01:55]} Rf3+ {[%clk 0:18:45]} 53. Kc2 {[%clk 0:01:28]} Be5
{[%clk 0:16:35]} 54. Nxe5+ {[%clk 0:01:07]} fxe5 {[%clk 0:17:01]} 55. Rh5
{[%clk 0:01:19]} Kb5 {[%clk 0:15:51]} 56. Rxe5 {[%clk 0:01:34]} Kc4
{[%clk 0:14:34]} 57. Rf5 {[%clk 0:01:54]} Rxa3 {[%clk 0:14:56]} 58. e5
{[%clk 0:02:11]} Ra2+ {[%clk 0:15:09]} 59. Kd1 {[%clk 0:01:48]} Kd5
{[%clk 0:15:17]} 60. e6+ {[%clk 0:02:11]} Kxe6 {[%clk 0:15:42]} 1/2-1/2

[Event "WCO2014"]
[Site "Tromso"]
[Date "2014.08.09"]
[Round "7.24"]
[WhiteID "10601457"]
[White "Amin Bassem"]
[BlackID "1501100"]
[Black "Elsness Frode"]
[Result "1-0"]
[LiveChessVersion "1.4.3"]
[BlackElo "2477"]
[WhiteElo "2627"]

1. Nf3 {[%clk 1:30:02]} d5 {[%clk 1:30:44]} 2. g3 {[%clk 1:30:26]} c6
{[%clk 1:31:10]} 3. Bg2 {[%clk 1:30:35]} Bg4 {[%clk 1:31:31]} 4. c4
{[%clk 1:28:49]} e6 {[%clk 1:31:10]} 5. cxd5 {[%clk 1:28:56]} Bxf3
{[%clk 1:31:25]} 6. Bxf3 {[%clk 1:29:19]} cxd5 {[%clk 1:31:50]} 7. O-O
{[%clk 1:28:41]} Nf6 {[%clk 1:30:34]} 8. Nc3 {[%clk 1:28:41]} Nc6
{[%clk 1:30:25]} 9. d3 {[%clk 1:28:56]} Be7 {[%clk 1:28:16]} 10. Bf4
{[%clk 1:28:49]} O-O {[%clk 1:27:28]} 11. Qa4 {[%clk 1:28:45]} a6
{[%clk 1:24:12]} 12. Rfc1 {[%clk 1:29:02]} Rc8 {[%clk 1:17:53]} 13. Bg2
{[%clk 1:24:10]} Qb6 {[%clk 1:13:05]} 14. Qd1 {[%clk 1:16:06]} Rfd8
{[%clk 1:07:08]} 15. Rab1 {[%clk 1:13:40]} Qa7 {[%clk 1:05:37]} 16. a3
{[%clk 1:09:35]} b5 {[%clk 1:02:17]} 17. Na2 {[%clk 1:08:31]} Bc5
{[%clk 0:58:50]} 18. e3 {[%clk 1:08:20]} Bd6 {[%clk 0:52:19]} 19. Bxd6
{[%clk 0:59:37]} Rxd6 {[%clk 0:52:45]} 20. Rc2 {[%clk 0:58:09]} Rdd8
{[%clk 0:50:54]} 21. Rbc1 {[%clk 0:58:24]} Qb7 {[%clk 0:47:22]} 22. Qd2
{[%clk 0:54:06]} h6 {[%clk 0:44:07]} 23. d4 {[%clk 0:53:38]} Nd7 {[%clk 0:30:52]}
24. Bf1 {[%clk 0:52:31]} Nb6 {[%clk 0:28:01]} 25. b3 {[%clk 0:52:37]} Nb8
{[%clk 0:24:38]} 26. Qa5 {[%clk 0:43:25]} Nc6 {[%clk 0:23:45]} 27. Rxc6
{[%clk 0:39:15]} Rxc6 {[%clk 0:24:08]} 28. Rxc6 {[%clk 0:39:40]} Qxc6
{[%clk 0:24:14]} 29. Nb4 {[%clk 0:40:03]} Qd6 {[%clk 0:20:08]} 30. Nxa6
{[%clk 0:40:16]} Ra8 {[%clk 0:16:47]} 31. Bxb5 {[%clk 0:37:41]} Nd7
{[%clk 0:13:53]} 32. Qc7 {[%clk 0:31:47]} Qxc7 {[%clk 0:11:10]} 33. Nxc7
{[%clk 0:32:04]} Ra7 {[%clk 0:04:11]} 34. Na6 {[%clk 0:31:39]} Nb8
{[%clk 0:02:33]} 35. Nxb8 {[%clk 0:31:51]} Rb7 {[%clk 0:03:03]} 36. Na6
{[%clk 0:30:02]} Rxb5 {[%clk 0:03:29]} 37. b4 {[%clk 0:30:16]} Rb6
{[%clk 0:03:20]} 38. Nc5 {[%clk 0:30:38]} f6 {[%clk 0:03:28]} 39. Kf1
{[%clk 0:30:43]} Kf7 {[%clk 0:03:49]} 40. Ke2 {[%clk 0:31:09]} Ke7
{[%clk 0:03:06]} 41. Kd2 {[%clk 0:31:10]} Kd6 {[%clk 0:01:03]} 42. Kc3
{[%clk 0:29:46]} e5 {[%clk 0:30:27]} 43. a4 {[%clk 1:00:49]} exd4+
{[%clk 0:30:48]} 44. exd4 {[%clk 1:01:13]} f5 {[%clk 0:15:06]} 45. b5
{[%clk 1:00:59]} Kc7 {[%clk 0:13:29]} 46. Kb4 {[%clk 1:01:02]} f4
{[%clk 0:13:17]} 47. a5 {[%clk 1:01:26]} Rg6 {[%clk 0:10:46]} 48. b6+
{[%clk 0:59:00]} Kb8 {[%clk 0:10:39]} 49. Kb5 {[%clk 0:59:15]} fxg3
{[%clk 0:10:06]} 50. fxg3 {[%clk 0:59:14]} 1-0

[Event "WCO2014"]
[Site "Tromso"]
[Date "2014.08.09"]
[Round "7.23"]
[WhiteID "1501720"]
[White "Hansen Torbjorn Ringdal"]
[BlackID "627143"]
[Black "Shoker Samy"]
[Result "1-0"]
[LiveChessVersion "1.4.3"]
[BlackElo "2487"]
[WhiteElo "2450"]

1. Nf3 {[%clk 1:30:57]} Nf6 {[%clk 1:30:49]} 2. c4 {[%clk 1:31:00]} g6
{[%clk 1:31:03]} 3. Nc3 {[%clk 1:31:23]} d6 {[%clk 1:31:14]} 4. g3
{[%clk 1:31:24]} Bg7 {[%clk 1:31:17]} 5. Bg2 {[%clk 1:31:50]} O-O
{[%clk 1:31:39]} 6. O-O {[%clk 1:32:15]} a6 {[%clk 1:31:25]} 7. d4
{[%clk 1:31:52]} Nbd7 {[%clk 1:31:26]} 8. Qc2 {[%clk 1:28:45]} e5
{[%clk 1:30:34]} 9. Rd1 {[%clk 1:28:58]} exd4 {[%clk 1:28:31]} 10. Nxd4
{[%clk 1:29:06]} Re8 {[%clk 1:28:43]} 11. b3 {[%clk 1:26:02]} Ne5
{[%clk 1:23:33]} 12. Bb2 {[%clk 1:24:24]} Rb8 {[%clk 1:21:10]} 13. c5
{[%clk 1:17:48]} h5 {[%clk 1:11:50]} 14. cxd6 {[%clk 1:08:47]} cxd6
{[%clk 1:11:11]} 15. Qd2 {[%clk 1:01:37]} Neg4 {[%clk 0:59:25]} 16. h3
{[%clk 0:40:03]} Bh6 {[%clk 0:57:53]} 17. Qc2 {[%clk 0:37:45]} Ne5
{[%clk 0:55:12]} 18. f4 {[%clk 0:30:35]} h4 {[%clk 0:38:59]} 19. Nd5
{[%clk 0:25:22]} Nxd5 {[%clk 0:32:23]} 20. Bxd5 {[%clk 0:25:47]} Bxh3
{[%clk 0:32:35]} 21. fxe5 {[%clk 0:22:16]} Qg5 {[%clk 0:27:16]} 22. Qd3
{[%clk 0:18:58]} dxe5 {[%clk 0:13:24]} 23. Bc1 {[%clk 0:16:24]} Qh5
{[%clk 0:12:38]} 24. Bf3 {[%clk 0:14:13]} Bg4 {[%clk 0:12:25]} 25. Bxg4
{[%clk 0:10:40]} Qxg4 {[%clk 0:12:53]} 26. Bxh6 {[%clk 0:10:58]} exd4
{[%clk 0:12:40]} 27. Qf3 {[%clk 0:07:29]} Qxg3+ {[%clk 0:11:12]} 28. Qxg3
{[%clk 0:07:55]} hxg3 {[%clk 0:11:39]} 29. Bf4 {[%clk 0:07:33]} Rbc8
{[%clk 0:09:45]} 30. Rd2 {[%clk 0:07:56]} Rc3 {[%clk 0:09:49]} 31. Kg2
{[%clk 0:07:31]} Re4 {[%clk 0:08:12]} 32. Rf1 {[%clk 0:07:49]} f5
{[%clk 0:07:19]} 33. Rf3 {[%clk 0:06:07]} Rxf3 {[%clk 0:06:11]} 34. Kxf3
{[%clk 0:06:29]} g2 {[%clk 0:02:12]} 35. Bh2 {[%clk 0:06:17]} Kf7
{[%clk 0:02:01]} 36. Bg1 {[%clk 0:05:29]} Ke6 {[%clk 0:02:22]} 37. Rxd4
{[%clk 0:03:40]} Rxd4 {[%clk 0:00:58]} 38. Bxd4 {[%clk 0:04:04]} Kd5
{[%clk 0:01:13]} 39. Be3 {[%clk 0:02:18]} b5 {[%clk 0:01:02]} 40. Kxg2
{[%clk 0:02:34]} Ke4 {[%clk 0:00:41]} 41. Bb6 {[%clk 0:00:58]} g5
{[%clk 0:29:42]} 42. Kg3 {[%clk 0:31:58]} g4 {[%clk 0:24:59]} 43. Kf2
{[%clk 0:26:46]} f4 {[%clk 0:23:09]} 44. Ke1 {[%clk 0:27:03]} Kd5
{[%clk 0:20:06]} 45. Kd2 {[%clk 0:27:18]} Ke4 {[%clk 0:19:46]} 46. Kc3
{[%clk 0:25:50]} a5 {[%clk 0:19:53]} 47. Kd2 {[%clk 0:25:49]} a4 {[%clk 0:18:29]}
48. Kc3 {[%clk 0:25:49]} axb3 {[%clk 0:15:32]} 49. axb3 {[%clk 0:26:13]} 1-0